Introduction to statistical physics / (Record no. 328756)
[ view plain ]
| 000 -LEADER | |
|---|---|
| fixed length control field | 01975cam a22003614a 4500 |
| 001 - CONTROL NUMBER | |
| control field | 12115067 |
| 003 - CONTROL NUMBER IDENTIFIER | |
| control field | Nust |
| 005 - DATE AND TIME OF LATEST TRANSACTION | |
| control field | 20180118110450.0 |
| 008 - FIXED-LENGTH DATA ELEMENTS--GENERAL INFORMATION | |
| fixed length control field | 000721s2001 nyua b 001 0 eng |
| 010 ## - LIBRARY OF CONGRESS CONTROL NUMBER | |
| LC control number | 00059587 |
| 020 ## - INTERNATIONAL STANDARD BOOK NUMBER | |
| International Standard Book Number | 0387951199 (alk. paper) |
| 040 ## - CATALOGING SOURCE | |
| Original cataloging agency | DLC |
| Transcribing agency | DLC |
| Modifying agency | DLC |
| 042 ## - AUTHENTICATION CODE | |
| Authentication code | pcc |
| 050 00 - LIBRARY OF CONGRESS CALL NUMBER | |
| Classification number | QC174.8 |
| Item number | .S35 2001 |
| 082 00 - DEWEY DECIMAL CLASSIFICATION NUMBER | |
| Classification number | 530.13 SAL |
| Edition number | 21 |
| 100 1# - MAIN ENTRY--PERSONAL NAME | |
| Personal name | Salinas, Silvio R. A. |
| 245 10 - TITLE STATEMENT | |
| Title | Introduction to statistical physics / |
| Statement of responsibility, etc. | Silvio R. A. Salinas. |
| 260 ## - PUBLICATION, DISTRIBUTION, ETC. | |
| Place of publication, distribution, etc. | New York : |
| Name of publisher, distributor, etc. | Springer, |
| Date of publication, distribution, etc. | 2001. |
| 300 ## - PHYSICAL DESCRIPTION | |
| Extent | xii, 377 p. : |
| Other physical details | ill. ; |
| Dimensions | 24 cm. |
| 440 #0 - SERIES STATEMENT/ADDED ENTRY--TITLE | |
| Title | Graduate texts in contemporary physics |
| 504 ## - BIBLIOGRAPHY, ETC. NOTE | |
| Bibliography, etc. note | Includes bibliographical references (p. [371]-374) and index. |
| 650 #0 - SUBJECT ADDED ENTRY--TOPICAL TERM | |
| Topical term or geographic name entry element | Statistical physics. |
| 856 42 - ELECTRONIC LOCATION AND ACCESS | |
| Materials specified | Publisher description |
| Uniform Resource Identifier | <a href="http://www.loc.gov/catdir/enhancements/fy0816/00059587-d.html">http://www.loc.gov/catdir/enhancements/fy0816/00059587-d.html</a> |
| 856 41 - ELECTRONIC LOCATION AND ACCESS | |
| Materials specified | Table of contents only |
| Uniform Resource Identifier | <a href="http://www.loc.gov/catdir/enhancements/fy0816/00059587-t.html">http://www.loc.gov/catdir/enhancements/fy0816/00059587-t.html</a> |
| 906 ## - LOCAL DATA ELEMENT F, LDF (RLIN) | |
| a | 7 |
| b | cbc |
| c | orignew |
| d | 1 |
| e | ocip |
| f | 20 |
| g | y-gencatlg |
| 942 ## - ADDED ENTRY ELEMENTS (KOHA) | |
| Source of classification or shelving scheme | |
| Koha item type | Book |
| Withdrawn status | Lost status | Source of classification or shelving scheme | Materials specified (bound volume or other part) | Damaged status | Not for loan | Permanent Location | Current Location | Shelving location | Date acquired | Full call number | Barcode | Date last seen | Price effective from | Koha item type | Total Checkouts | Checked out | Date last checked out | Total Renewals |
|---|---|---|---|---|---|---|---|---|---|---|---|---|---|---|---|---|---|---|
| Photocopy HB | Not For Loan | School of Natural Sciences (SNS) | School of Natural Sciences (SNS) | Reference | 04/15/2017 | 530.13 SAL | SNS0002245 | 12/08/2021 | 04/15/2017 | Book | ||||||||
| Photocopy HB | School of Natural Sciences (SNS) | School of Natural Sciences (SNS) | 04/15/2017 | 530.13 SAL | SNS0002246 | 02/19/2026 | 04/15/2017 | Book | 5 | 03/21/2026 | 02/19/2026 | |||||||
| Photocopy HB | School of Natural Sciences (SNS) | School of Natural Sciences (SNS) | 04/15/2017 | 530.13 SAL | SNS0002247 | 01/02/2026 | 04/15/2017 | Book | 9 | 02/01/2026 | 01/02/2026 | 1 | ||||||
| Photocopy HB | School of Natural Sciences (SNS) | School of Natural Sciences (SNS) | 04/15/2017 | 530.13 SAL | SNS0002248 | 04/15/2017 | 04/15/2017 | Book | ||||||||||
| Photocopy HB | Not For Loan | School of Natural Sciences (SNS) | School of Natural Sciences (SNS) | Reference | 04/15/2017 | 530.13 SAL | SNS0002249 | 05/15/2019 | 04/15/2017 | Book |
